League 1 Assist Leader By Year - Statistics

General Stats
  • This quiz has been taken 30 times
  • The average score is 10 of 18
Answer Stats
Season Player Nationality Assist % Correct
13-14 Zlatan Ibrahimovic Sweden 10
96%
21-22 Kylian Mbappé France 17
91%
15-16 Angel Di Maria Argentina 18
87%
19-20 Angel Di Maria Argentina 14
87%
Emerick Aubameyang Gabon 8
78%
Neymar Brazil 13
74%
James Rodriguez Colombia 10
70%
22-23 Lionel Messi Argentina 16
70%
Ousmane Dembele France 8
61%
14-15 Javier Pastore Argentina 10
57%
17-18 Memphis Depay Netherlands 13
48%
20-21 Memphis Depay Netherlands 12
48%
Dimitri Payet France 10
43%
Dimitri Payet France 13
43%
23-24 Angel Gomes England 8
35%
Romain Del Castillo France 8
13%
18-19 Téji Savanier Algeria 14
13%
16-17 Thomas Lemar France 10
13%
No matching quizzes found
Score Distribution
Percent of People with Each Score
Percentile by Number Answered
Your Score History
You have not taken this quiz